00359nam a22001097a 4500003000400000005001700004008004100021040000800062100002300070245013000093260002600223OSt20250905102548.0250905b |||||||| |||| 00| 0 eng d cKMU aChimba, Namangolwa aImpact of closed fishing season on the livelihood of fishers:bA case study of stratum I of Kafue fishery/cNamangolwa Chimba aChinsali;bKMU:c2012